000 00193 a2200085 4500
020 _a9789881296726
100 _a Song, Sophia
245 _aUrban Streetscape Design
260 _b DMP Hong Kong
_c2014
999 _c13138
_d13138